Sports Quiz

Random Sports Quiz

Super Bowl Winners Quiz Stats

Quiz not verified by Sporcle

Also try: NBA Coaches
Challenge
Share
Tweet
Embed
Score 0/44 Timer 06:00
1 Play Today
% Correct
Pittsburgh Steelers
98.2%
Pittsburgh Steelers
98.2%
Pittsburgh Steelers
98.2%
Pittsburgh Steelers
98.2%
Pittsburgh Steelers
98.2%
Pittsburgh Steelers
98.2%
Green Bay Packers
97%
Green Bay Packers
97%
Green Bay Packers
97%
New York Giants
95.7%
New York Giants
95.7%
New York Giants
95.7%
Dallas Cowboys
93.3%
Dallas Cowboys
93.3%
Dallas Cowboys
93.3%
Dallas Cowboys
93.3%
Dallas Cowboys
93.3%
New England Patriots
93.3%
New England Patriots
93.3%
New England Patriots
93.3%
New York Jets
92.1%
Indianapolis Colts
90.9%
% Correct
Oakland Raiders
89%
Oakland Raiders
89%
Miami Dolphins
86.6%
Miami Dolphins
86.6%
St Louis Rams
86.6%
Baltimore Ravens
86%
Chicago Bears
84.8%
Denver Broncos
82.9%
Denver Broncos
82.9%
Tampa Bay Buccaneers
82.3%
Washington Redskins
80.5%
Washington Redskins
80.5%
Washington Redskins
80.5%
Kansas City Chiefs
71.3%
Baltimore Colts
64.6%
Los Angeles Raiders
50.6%
San Francisco 49ers
42.7%
San Francisco 49ers
42.7%
San Francisco 49ers
42.7%
San Francisco 49ers
42.7%
San Francisco 49ers
24.4%
New Orleans Saints
8.5%

You're not logged in!

Compare scores with friends on all Sporcle quizzes.
Sign Up with Email
OR
Log In

You Might Also Like...

Show Comments

Extras

Top Quizzes Today


Score Distribution

Your Account Isn't Verified!

In order to create a playlist on Sporcle, you need to verify the email address you used during registration. Go to your Sporcle Settings to finish the process.

Report this User

Report this user for behavior that violates our Community Guidelines.

Details: